Facial recognition (Record no. 4731)

MARC details
000 -CABECERA
campo de control de longitud fija 02863cam a2200301 i 4500
001 - NÚMERO DE CONTROL
campo de control 16490135
005 - FECHA Y HORA DE LA ÚLTIMA TRANSACCIÓN
campo de control 20250616110511.0
008 - DATOS DE LONGITUD FIJA--INFORMACIÓN GENERAL
campo de control de longitud fija 220118t20222022enka b 001 0 eng d
010 ## - NÚMERO DE CONTROL DE LA BIBLIOTECA DEL CONGRESO
Número de control de LC 2022930699
020 ## - NÚMERO INTERNACIONAL ESTÁNDAR DEL LIBRO
Número Internacional Estándar del Libro 9781509547326
Información calificativa (hbk.)
035 ## - NÚMERO DE CONTROL DEL SISTEMA
Número de control de sistema (DLC) 2022930699
035 ## - NÚMERO DE CONTROL DEL SISTEMA
Número de control de sistema 16490135
040 ## - FUENTE DE LA CATALOGACIÓN
Centro catalogador/agencia de origen YDX
Lengua de catalogación eng
Normas de descripción rda
Centro/agencia transcriptor DLC
Centro/agencia modificador YDX
-- BDX
-- UKMGB
-- ATNSH
-- CDX
-- OCLCF
041 ## - CÓDIGO DE LENGUA
Código de lengua del texto/banda sonora o título independiente eng
042 ## - CÓDIGO DE AUTENTICACIÓN
Código de autenticación lccopycat
050 00 - SIGNATURA TOPOGRÁFICA DE LA BIBLIOTECA DEL CONGRESO
Número de clasificación HM851
Número de documento/Ítem .A6475 2022
100 ## - ENTRADA PRINCIPAL--NOMBRE DE PERSONA
Nombre de persona Andrejevic, Mark,
Fechas asociadas al nombre 1964-
Término indicativo de función/relación author.
245 10 - MENCIÓN DE TÍTULO
Título Facial recognition
Mención de responsabilidad, etc. / Mark Andrejevic and Neil Selwyn.
264 #1 - PRODUCCIÓN, PUBLICACIÓN, DISTRIBUCIÓN, FABRICACIÓN Y COPYRIGHT
Producción, publicación, distribución, fabricación y copyright Cambridge :
Nombre del de productor, editor, distribuidor, fabricante Polity Press,
Fecha de producción, publicación, distribución, fabricación o copyright 2022.
264 #4 - PRODUCCIÓN, PUBLICACIÓN, DISTRIBUCIÓN, FABRICACIÓN Y COPYRIGHT
Fecha de producción, publicación, distribución, fabricación o copyright ©2022
300 ## - DESCRIPCIÓN FÍSICA
Extensión xi, 217 pages :
Otras características físicas illustrations ;
Dimensiones 22 cm
504 ## - NOTA DE BIBLIOGRAFÍA, ETC.
Nota de bibliografía, etc. Includes bibliographical references (pages 191-206) and index.
505 ## - NOTA DE CONTENIDO CON FORMATO
Nota de contenido con formato Facial recognition – an introduction —<br/>Facial recognition – underpinning concepts and concerns —<br/>Mapping the facial recognition landscape —<br/>Pro-social applications – facial recognition as an everyday ‘good’? —<br/>Problematic applications – facial recognition as an inherent harm? —<br/>Facial futures – emerging promises and possible perils —<br/>Making critical sense of facial recognition and society —<br/>Epilogue: Facial recognition – so where now?
520 ## - SUMARIO, ETC.
Sumario, etc. Facial recognition is set to fundamentally change our experience and understanding of monitoring, surveillance, and privacy. Backed by powerful industry interests, this technology is being integrated into many areas of society – from airports to shopping malls, classrooms to casinos. Despite the promise of security and efficiency, fears are growing that this technology is inherently biased, intrusive, and oppressive, with broad-ranging societal consequences.<br/><br/>In this timely book, Neil Selwyn and Mark Andrejevic provide a critical introduction to facial recognition. Outlining its complex social history and future technical forms, as well as its conceptual and technical underpinnings, the book considers the arguments being advanced for the continued uptake of facial recognition. In assessing these developments, the book argues that we are at the cusp of a generational shift in surveillance technology that will reconfigure our expectations of anonymity in shared and public spaces. Throughout, the book addresses a deceptively simple question: do we really want to live in a world where our face is our ID?<br/><br/>Facial Recognition is essential reading for students and scholars of media and communications studies, surveillance studies, criminology, and sociology, as well as for anyone interested in one of the defining technologies of our times.
650 #0 - PUNTO DE ACCESO ADICIONAL DE MATERIA--TÉRMINO DE MATERIA
Término de materia o nombre geográfico como elemento de entrada Human face recognition (Computer science)
Número de control del registro de autoridad o número normalizado http://id.loc.gov/authorities/subjects/sh97003901
9 (RLIN) 25419
700 ## - ENTRADA AGREGADA--NOMBRE PERSONAL
Nombre de persona Selwyn, Neil,
Término indicativo de función/relación author.
Número de control del registro de autoridad o número normalizado http://id.loc.gov/authorities/names/nb98044328
9 (RLIN) 25420
942 ## - ELEMENTOS DE ENTRADA AGREGADA (KOHA)
Fuente del sistema de clasificación o colocación Clasificación de Library of Congress
Holdings
Estado de retiro Estado de pérdida Fuente del sistema de clasificación o colocación Estado dañado No para préstamo Biblioteca de origen Biblioteca actual Fecha de adquisición Total de préstamos Signatura topográfica completa Código de barras Fecha visto por última vez Número de copia Precio válido a partir de Tipo de ítem Koha
    Clasificación de Library of Congress     TBS Barcelona TBS Barcelona 13/06/2025   HM851 AND B05857 13/06/2025 1 13/06/2025 Book

Powered by Koha